Houston Texans 2021 Roster - Statistics

General Stats
  • This quiz has been taken 72 times
  • The average score is 15 of 40
Answer Stats
Pos. Player % Correct
QB Deshaun Watson
94%
QB Davis Mills
90%
WR Brandin Cooks
77%
RB David Johnson
76%
DT Jaleel Johnson
74%
S Lonnie Johnson
74%
OT Laremy Tunsil
66%
QB Tyrod Taylor
66%
DE Vincent Taylor
61%
WR Nico Collins
60%
DT Maliek Collins
58%
RB Mark Ingram
53%
K Ka'imi Fairbairn
52%
S Justin Reid
48%
RB Phillip Lindsay
45%
TE Brevin Jordan
44%
TE Jordan Akins
42%
LB Zach Cunningham
37%
Coach David Culley
35%
CB Desmond King
34%
OT Tytus Howard
34%
CB Bradley Roby
27%
P Cameron Johnston
26%
LB Christian Kirksey
26%
WR Chris Conley
24%
LB Kamu Grugier-Hill
23%
WR Keke Coutee
23%
WR Randall Cobb
23%
C Justin Britt
19%
LB Whitney Mercilus
19%
LB Jacob Martin
18%
OG Max Scharping
18%
TE Kahale Warring
11%
CB Vernon Hargreaves
11%
DE Charles Omenihu
10%
S Eric Murray
10%
OG Marcus Cannon
10%
CB Terrance Mitchell
10%
LB Shaq Lawson
8%
S Terrance Brooks
6%
No matching quizzes found
Score Distribution
Percent of People with Each Score
Percentile by Number Answered
Your Score History
You have not taken this quiz